|
|
|
|
| LEADER |
00000nam a2200000Ia 4500 |
| 008 |
180712b1995 cr ||||| |||| 00| | spa d |
| 999 |
|
|
|c 2207
|d 2207
|
| 090 |
|
|
|a 18.01.00
|b 172
|
| 111 |
2 |
|
|a Jornada de la Carrera de Trabajo Social (1995 : San José, C.R.)
|9 3994
|
| 245 |
1 |
0 |
|a Investigación cualitativa y su aporte a la investigación social: reflexiones teórico-metodológicas. Memoria /
|c Jornada de la Carrera de Trabajo Social (1995 : San José, C.R.)
|
| 260 |
|
|
|a San José, Costa Rica :
|b UCR, Sede de Occidente, Coordinación de Investigación,
|c 1995
|
| 300 |
|
|
|a 64 páginas
|
| 650 |
1 |
4 |
|a INVESTIGACIÓN CUALITATIVA
|9 317
|
| 650 |
1 |
4 |
|a INVESTIGACIÓN SOCIAL
|9 290
|
| 650 |
1 |
4 |
|a TRABAJO SOCIAL
|9 543
|
| 650 |
|
|
|a BIBLIOTECAS ESCOLARES
|
| 650 |
|
|
|a DOCENTES
|
| 942 |
|
|
|i 00185
|h 18.01.00 172
|2 z
|c 01
|